Reglas de juego : (Registro nro. 10599)
[ vista simple ]
| 000 -LIDER | |
|---|---|
| fixed length control field | 00886nam a22002537a 4500 |
| 003 - IDENTIFICACDOR DE NÚMERO DE CONTROL | |
| control field | DO-SdBNP |
| 005 - DATE AND TIME OF LATEST TRANSACTION | |
| control field | 20220610113826.0 |
| 008 - ELEMENTOS DE LONGITUD FIJA | |
| fixed length control field | 1606271992 ck||||| |||| 00| 0 spa d |
| 020 ## - ISBN | |
| International Standard Book Number | 9580209340 |
| 040 ## - FUENTE DE CATALOGACIÓN | |
| Agencia que crea de manera original el registro | BPMSU |
| Idioma de catalogación | spa |
| Agencia que realiza la transcripción | BPMSU |
| 082 ## - NÚMERO DE CLASIFICACIÓN DECIMAL DE DEWEY | |
| Classification number | R796.03 |
| Item number | E56i 1992 |
| Edition number | 22 |
| 245 00 - MENCIÓN DE TITULO | |
| Título | Reglas de juego : |
| Subtítulo | enciclopedia ilustrada del deporte / |
| Mención de responsabilidad | traducción José María Gaitán ... [et al.]. |
| 246 14 - VARIACION DEL TÍTULO | |
| Institución que aplica el campo | Enciclopedia ilustrada del deporte : |
| Subtítulo | Más 150 deportes |
| 260 ## - PUBLICACIÓN, DISTRIBUCIÓN, ETC. (PIE DE IMPRENTA) | |
| Lugar de publicación, distribución, etc | Santa Fe de Bogotá : |
| Nombre del editor, distribuidor, etc. | Editorial Voluntad, |
| Fecha de publicación, distribución, etc | 1992 |
| 300 ## - DESCRIPCIÓN FÍSICA | |
| Extensión | 2v. : |
| Otros detalles físicos | il. : |
| Dimensiones | 32 cm |
| 500 ## - NOTA GENERAL | |
| Materiales especificados | Más de 150 deportes. |
| 534 ## - NOTA SOBRE LA VERSIÓN ORIGINAL | |
| Asiento principal del original | Título original. |
| Mención del título original | Rules of the game. |
| 590 ## - NOTA LOCAL | |
| Enlace | Inventariado, 2022/VM |
| 650 ## - ENCABEZAMIENTO DE MATERIA--TEMÁTICO | |
| Término temático o nombre geográfico como elemento de entrada | Deportes |
| Subdivisión de forma | Enciclopedias. |
| 700 1# - ASIENTO SECUNDARIO -- NOMBRE PERSONAL | |
| Nombre personal | Galitán, José María, |
| Mención de responsabilidad | traductor |
| 700 1# - ASIENTO SECUNDARIO -- NOMBRE PERSONAL | |
| Nombre personal | García de Tedeschi, Pilar, |
| Mención de responsabilidad | traductor |
| 910 ## - VALIDACIÓN | |
| Validación | VMateo V. |
| 942 ## - ADDED ENTRY ELEMENTS (KOHA) | |
| Source of classification or shelving scheme | Dewey Decimal Classification |
| Koha item type | Libros |
| Withdrawn status | Lost status | Source of classification or shelving scheme | Damaged status | Not for loan | Collection code | Home library | Current library | Date acquired | Source of acquisition | Full call number | Barcode | Date last seen | Copy number | Price effective from | Koha item type |
|---|---|---|---|---|---|---|---|---|---|---|---|---|---|---|---|
| Dewey Decimal Classification | Colección de Referencia General | Biblioteca Pública Metropolitana Salomé Ureña | Biblioteca Pública Metropolitana Salomé Ureña | 06/27/2016 | BRD | BPMSU CGR R796.03 E56i 1992 | BPMSU16060596 | 06/27/2016 | v. 2 | 06/27/2016 | Libros |